| 000 | 01357nam a2200349Ia 4500 | ||
|---|---|---|---|
| 001 | dia_6384 | ||
| 003 | CHAP | ||
| 005 | 20240507095808.0 | ||
| 007 | ta | ||
| 008 | 220117s2010 mx ad f 001 0 spa d | ||
| 040 |
_cCHAP _amxchpua |
||
| 090 |
_aT.C.721 _bS99 EIUPA _c2010 |
||
| 245 | 1 | 0 |
_aFábrica de tequila tres mujeres / _ccoordinadores Rosa Guadalupe Szymanski Duque y Juan Pérez Barrón ; colaboradores Lilia Ingrith Calderón López...[y otros] |
| 260 |
_aMéxico : _bEl autor, _c2010 |
||
| 300 |
_a25 páginas : _bilustraciones, gráficas, diagramas |
||
| 336 |
_2rdacontent _atexto _btxt |
||
| 337 |
_2rdamedia _ano mediado _bn |
||
| 338 |
_2rdacarrier _avolumen _bnc |
||
| 500 | _aGrado: 7° año Grupo: 04 | ||
| 502 |
_aViaje de estudios _b(EIUPA) -- _cUACh. Departamento de Ingeniería Agroindustrial, _d2010 |
||
| 650 | 1 | 3 |
_aTequila _xIndustria y comercio _9162325 _zMéxico _zJalisco |
| 650 | 1 | 3 |
_aTequila _xIndustry and trade _9162326 _zMexico _zJalisco |
| 700 | 1 |
_aPérez Barrón, Juan _9148338 _ecoordinador |
|
| 700 | 1 |
_aSzymanski Duque, Rosa Guadalupe _9151434 _ecoordinador |
|
| 700 | 1 |
_aCalderón López, Lilia Ingrith _9159352 _ecolaboradora |
|
| 901 | _aT.C.721 S99 EIUPA 2010 | ||
| 902 | _aM | ||
| 905 | _a5232272010 mx n 8223123322spa16 | ||
| 942 | _2local | ||
| 942 | _cVE | ||
| 999 |
_c177828 _d177828 |
||